[Event "Biel Master Tournament"]
[Site "Biel"]
[Date "2011.07.21"]
[Round "5"]
[White "Gleizerov, Evgeny"]
[Black "Pruess, David"]
[Result "1-0"]
[WhiteElo "2590"]
[BlackElo "2363"]
[PlyCount "83"]
[EventDate "2011.??.??"]
[EventCountry "SUI"]

1. d4 Nf6 2. c4 e6 3. g3 c5 4. d5 exd5 5. cxd5 d6 6. Nc3 g6 7. Nf3 Bg7 8. Bg2
O-O 9. O-O Nbd7 10. Bf4 Qe7 11. h3 a6 12. a4 Rb8 13. e4 b5 14. axb5 axb5 15.
Re1 b4 16. e5 bxc3 17. exf6 Qxf6 18. bxc3 Nb6 19. Bg5 Qxc3 20. Rc1 Qa3 21. Be7
c4 22. Bxf8 Kxf8 23. Qe2 Bf5 24. Qe7+ Kg8 25. Qc7 Qa8 26. Ng5 Rb7 27. Qxd6 Bb2
28. Rcd1 c3 29. Qc6 c2 30. Re8+ Kg7 31. Rde1 Qa7 32. d6 Rd7 33. Be4 Qa4 34.
Qxb6 c1=Q 35. Rxc1 Bxc1 36. Bxf5 gxf5 37. Nf3 Rxd6 38. Qb8 Rd1+ 39. Kg2 Qd7 40.
Rg8+ Kh6 41. Qf8+ Kh5 42. g4+ 1-0

[Event "Biel Master Tournament"]
[Site "Biel"]
[Date "2011.07.21"]
[Round "5"]
[White "Sukandar, Irine Kharisma"]
[Black "Kovchan, Alexander"]
[Result "0-1"]
[WhiteElo "2366"]
[BlackElo "2554"]
[PlyCount "78"]
[EventDate "2011.??.??"]
[EventCountry "SUI"]

1. e4 c5 2. Nf3 d6 3. d4 cxd4 4. Nxd4 Nf6 5. Nc3 a6 6. Bg5 e6 7. f4 h6 8. Bh4
Qb6 9. Qd2 Qxb2 10. Rb1 Qa3 11. f5 Be7 12. fxe6 fxe6 13. Bc4 Nxe4 14. Nxe4
Bxh4+ 15. g3 Bg5 16. Nxg5 hxg5 17. Rb3 Qc5 18. Bxe6 Nc6 19. Rc3 Qxd4 20. Qxd4
Nxd4 21. Bxc8 b5 22. Bb7 Rb8 23. Bd5 Kd7 24. Kd2 g4 25. Rf1 Rbf8 26. Rxf8 Rxf8
27. Ke3 Nf5+ 28. Kd3 Ne7 29. Bb7 Rb8 30. Bg2 d5 31. Kd4 Kd6 32. Ra3 a5 33. Ke3
a4 34. Kf4 Rf8+ 35. Kxg4 Rf2 36. Bh3 Nc6 37. Kg5 Rxc2 38. Bf1 d4 39. Rf3 b4 0-1

[Event "Biel Master Tournament"]
[Site "Biel"]
[Date "2011.07.21"]
[Round "5"]
[White "Alsina Leal, Daniel"]
[Black "Paikidze, Nazi"]
[Result "0-1"]
[WhiteElo "2549"]
[BlackElo "2416"]
[PlyCount "64"]
[EventDate "2011.??.??"]
[EventCountry "SUI"]

1. e4 c5 2. Nf3 d6 3. d4 cxd4 4. Nxd4 Nf6 5. Nc3 a6 6. Be3 e5 7. Nf3 Qc7 8. a4
Be7 9. Be2 O-O 10. O-O Nbd7 11. a5 Nc5 12. Nd2 Be6 13. Bf3 Rac8 14. Re1 Ncd7
15. Nf1 Rfe8 16. h3 b5 17. axb6 Nxb6 18. Rxa6 Nc4 19. Bc1 Qb7 20. Ra2 Rc5 21.
b3 Nb6 22. Nb1 d5 23. exd5 Nbxd5 24. Ba3 e4 25. Bxc5 Bxc5 26. Rxe4 Nxe4 27.
Bxe4 Bxf2+ 28. Kxf2 Qb6+ 29. Kf3 Nf6 30. Ra8 Qa5 31. Bc6 Qh5+ 32. g4 Bxg4+ 0-1

[Event "Biel Master Tournament"]
[Site "Biel"]
[Date "2011.07.21"]
[Round "5"]
[White "Klauser, Markus"]
[Black "Ulibin, Mikhail"]
[Result "1/2-1/2"]
[WhiteElo "2386"]
[BlackElo "2538"]
[PlyCount "119"]
[EventDate "2011.??.??"]
[EventCountry "SUI"]
[WhiteTeam "Belp"]

1. e4 e6 2. d4 d5 3. Nc3 Bb4 4. e5 b6 5. a3 Bf8 6. h4 Ba6 7. Bxa6 Nxa6 8. Qd3
Nb8 9. h5 h6 10. Nf3 Qd7 11. Ne2 Ne7 12. Be3 a5 13. b3 Na6 14. O-O c5 15. c4 a4
16. dxc5 bxc5 17. Rfd1 axb3 18. cxd5 Qxd5 19. Qb5+ Qc6 20. Qxb3 Nd5 21. Rac1
Nac7 22. Rc4 Qa6 23. Bc1 Be7 24. Qc2 Rd8 25. Rg4 Kf8 26. Ng3 Qb5 27. Ne4 Ne8
28. Re1 Rb8 29. Ned2 Nb6 30. Nc4 Nd5 31. a4 Qb3 32. Qxb3 Rxb3 33. a5 Kg8 34.
Nfd2 Rb4 35. Rge4 Kh7 36. g3 Rf8 37. Ba3 Rb5 38. Rb1 Nec7 39. Rxb5 Nxb5 40. Re1
Rd8 41. Ra1 Nd4 42. Rb1 Nb4 43. Nb3 Nb5 44. Rd1 Nxa3 45. Nxa3 Nc6 46. Nc4 Rb8
47. Nbd2 Bd8 48. Ra1 Bc7 49. f4 Rd8 50. Nb3 Rb8 51. Ra3 Rb4 52. Nbd2 g6 53.
hxg6+ Kxg6 54. Kf2 h5 55. a6 Bb8 56. Nd6 f6 57. N2c4 Bxd6 58. Nxd6 Na7 59. exf6
Kxf6 60. Kf3 1/2-1/2

[Event "Biel Master Tournament"]
[Site "Biel"]
[Date "2011.07.21"]
[Round "5"]
[White "Khmelniker, Ilya"]
[Black "Lioe, Dede"]
[Result "1-0"]
[WhiteElo "2510"]
[BlackElo "2386"]
[PlyCount "99"]
[EventDate "2011.??.??"]
[EventCountry "SUI"]

1. d4 Nf6 2. Nf3 g6 3. c4 Bg7 4. Nc3 d5 5. Bg5 dxc4 6. e3 O-O 7. Bxc4 c5 8. d5
Nbd7 9. Be2 h6 10. Bh4 Nb6 11. Bxf6 exf6 12. Qd2 f5 13. Rd1 Qf6 14. O-O Rd8 15.
Qc2 Qe7 16. Qb3 f4 17. e4 g5 18. h3 Bd7 19. Rfe1 Rac8 20. Qa3 Qd6 21. e5 Qb8
22. d6 Re8 23. Ne4 Bxe5 24. Nxe5 Rxe5 25. Bf3 Kf8 26. Rf1 Bf5 27. Qc3 Rce8 28.
Nxc5 Nd7 29. Nxb7 Kg8 30. b4 h5 31. Na5 Rc8 32. Qd4 Qb6 33. Qxb6 axb6 34. Nc6
g4 35. hxg4 hxg4 36. Nxe5 Nxe5 37. Rfe1 f6 38. Be4 Bd7 39. Bd5+ Kg7 40. Rd4 Kg6
41. a4 g3 42. fxg3 fxg3 43. a5 bxa5 44. bxa5 Bb5 45. Ra1 f5 46. Bb7 Rc2 47. a6
Nc6 48. Rd5 f4 49. Rxb5 f3 50. gxf3 1-0

[Event "Biel Master Tournament"]
[Site "Biel"]
[Date "2011.07.21"]
[Round "5"]
[White "Novita, Anjas"]
[Black "Meins, Gerlef"]
[Result "1-0"]
[WhiteElo "2314"]
[BlackElo "2505"]
[PlyCount "71"]
[EventDate "2011.??.??"]
[EventCountry "SUI"]

1. e4 c5 2. Nf3 Nc6 3. d4 cxd4 4. Nxd4 Nf6 5. Nc3 d6 6. Bc4 e6 7. Bb3 Be7 8.
Be3 O-O 9. Qe2 a6 10. O-O-O Qc7 11. g4 Nxd4 12. Rxd4 Nd7 13. g5 Nc5 14. h4 b5
15. f3 Bd7 16. h5 f5 17. exf5 Rxf5 18. g6 h6 19. Rf4 Nxb3+ 20. axb3 Raf8 21.
Rxf5 Rxf5 22. Kb1 d5 23. Qd2 Bc6 24. Rh3 Qd7 25. f4 e5 26. Ne2 d4 27. Bf2 Rf8
28. Rh2 Be4 29. Ng3 Rxf4 30. Nxe4 Rxe4 31. Bg3 Qf5 32. Qa5 Re3 33. Rf2 Rf3 34.
Rxf3 Qxf3 35. Qc7 Qf8 36. Bxe5 1-0

[Event "Biel Master Tournament"]
[Site "Biel"]
[Date "2011.07.23"]
[Round "6"]
[White "Bu, Xiangzhi"]
[Black "Grachev, Boris"]
[Result "1/2-1/2"]
[WhiteElo "2675"]
[BlackElo "2680"]
[PlyCount "37"]
[EventDate "2011.??.??"]
[EventCountry "SUI"]

1. d4 d5 2. c4 e6 3. Nf3 Be7 4. Nc3 Nf6 5. Bg5 h6 6. Bh4 O-O 7. e3 b6 8. Rc1
Bb7 9. Bd3 dxc4 10. Bxc4 a6 11. a4 Nbd7 12. O-O Ne4 13. Nxe4 Bxe4 14. Bxe7 Qxe7
15. Bd3 Bxf3 16. Qxf3 c5 17. Qc6 Rfc8 18. Qe4 Nf6 19. Qf3 1/2-1/2

[Event "Biel Master Tournament"]
[Site "Biel"]
[Date "2011.07.23"]
[Round "6"]
[White "Edouard, Romain"]
[Black "Holzke, Frank"]
[Result "1-0"]
[WhiteElo "2587"]
[BlackElo "2497"]
[PlyCount "59"]
[EventDate "2011.??.??"]
[EventCountry "SUI"]

1. e4 e5 2. Nf3 Nc6 3. Bb5 a6 4. Ba4 Nf6 5. O-O Bc5 6. c3 b5 7. Bb3 d6 8. d4
Bb6 9. Qd3 O-O 10. Bg5 h6 11. Bh4 exd4 12. cxd4 g5 13. Nxg5 hxg5 14. Bxg5 Kg7
15. Nc3 Be6 16. e5 dxe5 17. d5 Rh8 18. Bxf6+ Qxf6 19. dxe6 Qf4 20. h3 Nb4 21.
Qe4 fxe6 22. Rad1 Rad8 23. a3 Rxd1 24. Rxd1 Bxf2+ 25. Kf1 Qf6 26. Rd7+ Kh6 27.
axb4 Bd4+ 28. Qf3 Qg5 29. Rf7 Bxc3 30. bxc3 1-0

[Event "Biel Master Tournament"]
[Site "Biel"]
[Date "2011.07.23"]
[Round "6"]
[White "Sokolov, Andrei"]
[Black "Saleh, Salem A. R"]
[Result "1/2-1/2"]
[WhiteElo "2579"]
[BlackElo "2493"]
[PlyCount "86"]
[EventDate "2011.??.??"]
[EventCountry "SUI"]
[WhiteTeam "Belfort"]

1. e4 e5 2. Nf3 Nc6 3. Bb5 a6 4. Ba4 Nf6 5. O-O Be7 6. Re1 b5 7. Bb3 d6 8. c3
O-O 9. h3 Nb8 10. d4 Nbd7 11. Nbd2 Bb7 12. Bc2 Re8 13. Nf1 Bf8 14. Ng3 g6 15.
Bg5 h6 16. Bd2 Nh7 17. b3 c6 18. Be3 Qe7 19. Qd2 h5 20. Rad1 Rad8 21. Qc1 Bg7
22. Qa3 Bf6 23. d5 c5 24. Qc1 Rf8 25. Bd3 Rc8 26. c4 b4 27. Nf1 Bg7 28. h4 Ra8
29. N1h2 Bc8 30. a4 bxa3 31. Qxa3 f5 32. exf5 gxf5 33. Ng5 e4 34. Bc2 Ne5 35.
Nxh7 Kxh7 36. Bg5 Bf6 37. f4 Ng6 38. g3 Qg7 39. Bxf6 Rxf6 40. Kh1 Bd7 41. Rd2
Rg8 42. Qa1 Bc8 43. Rg1 Ne7 1/2-1/2

[Event "Biel Master Tournament"]
[Site "Biel"]
[Date "2011.07.23"]
[Round "6"]
[White "Bauer, Christian"]
[Black "Arnold, Marc"]
[Result "1/2-1/2"]
[WhiteElo "2637"]
[BlackElo "2445"]
[PlyCount "94"]
[EventDate "2011.??.??"]
[EventCountry "SUI"]
[WhiteTeam "Montpellier"]

1. d4 Nf6 2. Nf3 d5 3. c4 c6 4. cxd5 cxd5 5. Nc3 Nc6 6. Bf4 Bf5 7. Qb3 Qb6 8.
Qxb6 axb6 9. e3 e6 10. a3 Be7 11. Rc1 O-O 12. Be2 Rfc8 13. Nd2 Ne8 14. f3 Bg6
15. Kf2 Bd6 16. Bxd6 Nxd6 17. Nb5 Nxb5 18. Bxb5 Kf8 19. Be2 Ne7 20. e4 Rxc1 21.
Rxc1 Rc8 22. Rc3 Rxc3 23. bxc3 f6 24. Ke3 Ke8 25. Bb5+ Kd8 26. c4 Kc7 27. cxd5
exd5 28. g4 Kd6 29. Nb1 Bf7 30. Nc3 h6 31. Ba4 dxe4 32. fxe4 Bc4 33. Bb5 Bb3
34. Be8 Nc6 35. h4 Na5 36. h5 Nc4+ 37. Kf4 Nxa3 38. e5+ fxe5+ 39. dxe5+ Ke7 40.
Bg6 Be6 41. Bd3 Kd7 42. Bf5 Ke7 43. Bd3 Kd7 44. Bf5 Ke7 45. Be4 b5 46. Bxb7 Nc4
47. Nxb5 Nxe5 1/2-1/2

[Event "Biel Master Tournament"]
[Site "Biel"]
[Date "2011.07.23"]
[Round "6"]
[White "Tischbierek, Raj"]
[Black "Rodshtein, Maxim"]
[Result "0-1"]
[WhiteElo "2436"]
[BlackElo "2637"]
[PlyCount "64"]
[EventDate "2011.??.??"]
[EventCountry "SUI"]

1. e4 c6 2. d4 d5 3. Nc3 dxe4 4. Nxe4 Bf5 5. Ng3 Bg6 6. h4 h6 7. Nf3 Nd7 8. Bd3
Bxd3 9. Qxd3 e6 10. Bd2 Ngf6 11. O-O-O Be7 12. Kb1 Qc7 13. Qe2 c5 14. c4 cxd4
15. Nxd4 O-O 16. Bc3 Nc5 17. Nb3 Rac8 18. Be5 Qc6 19. Nd4 Qb6 20. Nb5 Ncd7 21.
Rxd7 Nxd7 22. Bxg7 Kxg7 23. Nh5+ Kh8 24. Qd2 e5 25. Qxd7 Qg6+ 26. Ka1 Bc5 27.
Qd1 a6 28. Nc3 Bd4 29. Nf4 Qd6 30. Nfe2 Rxc4 31. Qd3 b5 32. Rd1 Qg6 0-1

[Event "Biel Master Tournament"]
[Site "Biel"]
[Date "2011.07.23"]
[Round "6"]
[White "Nezad, Husein"]
[Black "Stevic, Hrvoje"]
[Result "0-1"]
[WhiteElo "2423"]
[BlackElo "2619"]
[PlyCount "86"]
[EventDate "2011.??.??"]
[EventCountry "SUI"]

1. d4 d5 2. c4 c6 3. Nc3 dxc4 4. e4 b5 5. a4 b4 6. Nb1 Ba6 7. Qc2 Nf6 8. Nd2 e6
9. Bxc4 Bxc4 10. Qxc4 c5 11. Ngf3 Nbd7 12. O-O Be7 13. dxc5 Nxc5 14. Ne5 Qc7
15. Qb5+ Nfd7 16. Nxd7 Nxd7 17. Nf3 a6 18. Qe2 Nc5 19. e5 Nb3 20. Rb1 O-O 21.
Bg5 Bxg5 22. Nxg5 Rfc8 23. Rfd1 h6 24. Qd3 Qc2 25. Ne4 Qxd3 26. Rxd3 Nc5 27.
Nxc5 Rxc5 28. f4 Rc2 29. b3 Rac8 30. Rbd1 Kh7 31. R1d2 Rc1+ 32. Kf2 Rb1 33. Rd6
a5 34. Ra6 Rc5 35. Ra7 Kg6 36. Rd3 Rb2+ 37. Kf3 h5 38. Re3 h4 39. g4 Rxh2 40.
Ke4 Rg2 41. f5+ Kg5 42. fxe6 Rxg4+ 43. Kf3 Rg3+ 0-1

[Event "Biel Master Tournament"]
[Site "Biel"]
[Date "2011.07.23"]
[Round "6"]
[White "Barus, Cerdas"]
[Black "Gleizerov, Evgeny"]
[Result "1/2-1/2"]
[WhiteElo "2420"]
[BlackElo "2590"]
[PlyCount "45"]
[EventDate "2011.??.??"]
[EventCountry "SUI"]

1. d4 e6 2. c4 f5 3. Nf3 Nf6 4. g3 d5 5. b3 c6 6. Bg2 Bd6 7. O-O Qe7 8. Bb2 O-O
9. Qc1 b5 10. Ba3 bxc4 11. bxc4 Ba6 12. Bxd6 Qxd6 13. c5 Qc7 14. Re1 Nbd7 15.
Qa3 Bb7 16. Nbd2 a5 17. Rab1 Ba6 18. e3 Ne4 19. Rb2 Nxd2 20. Nxd2 e5 21. f4 e4
22. Bf1 Bxf1 23. Rxf1 1/2-1/2

[Event "Biel Master Tournament"]
[Site "Biel"]
[Date "2011.07.23"]
[Round "6"]
[White "Paikidze, Nazi"]
[Black "Nyzhnyk, Illya"]
[Result "1-0"]
[WhiteElo "2416"]
[BlackElo "2589"]
[PlyCount "81"]
[EventDate "2011.??.??"]
[EventCountry "SUI"]

1. e4 c5 2. Nf3 d6 3. d4 cxd4 4. Nxd4 Nf6 5. Nc3 a6 6. Bg5 Nbd7 7. Bc4 Qa5 8.
Qd2 e6 9. O-O-O h6 10. Bxf6 Nxf6 11. Rhe1 Be7 12. Kb1 Qc7 13. Bb3 O-O 14. f4 b5
15. a3 Rb8 16. g4 Nd7 17. h4 Nc5 18. g5 Nxb3 19. cxb3 h5 20. f5 g6 21. Qd3 Kh7
22. Rc1 Qd7 23. Nce2 Bb7 24. Ng3 Rbc8 25. Rxc8 Bxc8 26. Qf3 e5 27. Nc2 Kg8 28.
Ne3 Bb7 29. Nxh5 gxh5 30. f6 Rd8 31. fxe7 Qxe7 32. Nf5 Qe6 33. Nh6+ Kg7 34.
Qxh5 Rc8 35. Nf5+ Kg8 36. Qg4 Rc7 37. h5 Bc8 38. Qf3 a5 39. g6 d5 40. Nh6+ Kf8
41. exd5 1-0

[Event "Biel Master Tournament"]
[Site "Biel"]
[Date "2011.07.23"]
[Round "6"]
[White "Kovchan, Alexander"]
[Black "Tseitlin, Mark"]
[Result "1-0"]
[WhiteElo "2554"]
[BlackElo "2407"]
[PlyCount "143"]
[EventDate "2011.??.??"]
[EventCountry "SUI"]

1. e4 c5 2. Nf3 d6 3. d4 cxd4 4. Nxd4 Nf6 5. Nc3 a6 6. Be2 e5 7. Nb3 Be6 8. f4
exf4 9. Bxf4 Nc6 10. O-O Be7 11. Kh1 O-O 12. Qe1 Nd7 13. Rd1 Nde5 14. Nd5 Bg5
15. Bg3 b5 16. Nf4 Qe7 17. Nd4 Nxd4 18. Rxd4 Rac8 19. Qd1 Rfd8 20. a4 Bxf4 21.
Bxf4 Bc4 22. axb5 axb5 23. b3 Bxe2 24. Qxe2 Rc5 25. b4 Rcc8 26. Qxb5 Rxc2 27.
Bxe5 dxe5 28. Qxe5 Qf8 29. h3 h6 30. b5 Re8 31. Qd5 Rb2 32. Rd3 Qe7 33. Rb3
Rxb3 34. Qxb3 Rb8 35. Qc4 Rb6 36. Rd1 Re6 37. Rd4 Qa3 38. Qd5 Qc1+ 39. Rd1 Qc2
40. Re1 Qf2 41. Rc1 Rg6 42. e5 Qf4 43. Rb1 Qf5 44. Ra1 Kh7 45. Qd4 Qc2 46. Qd5
Qe2 47. Rb1 Qf2 48. Qe4 Kg8 49. Rc1 Kh7 50. Rb1 Qb6 51. Rb3 Kg8 52. Kh2 Qb8 53.
Qd5 Re6 54. Re3 Rb6 55. Rb3 Re6 56. Re3 Rb6 57. Rf3 Rxb5 58. Qxf7+ Kh8 59. Qf8+
Qxf8 60. Rxf8+ Kh7 61. Re8 Kg6 62. Re7 Kf5 63. Rxg7 Rxe5 64. Kg3 Kf6 65. Rg4 h5
66. Rg8 Kf7 67. Kf4 Ra5 68. Rg5 Ra4+ 69. Kg3 h4+ 70. Kf3 Ra3+ 71. Kg4 Ra4+ 72.
Kh5 1-0

[Event "Biel Master Tournament"]
[Site "Biel"]
[Date "2011.07.23"]
[Round "6"]
[White "Megaranto, Susanto"]
[Black "Khmelniker, Ilya"]
[Result "1/2-1/2"]
[WhiteElo "2544"]
[BlackElo "2510"]
[PlyCount "51"]
[EventDate "2011.??.??"]
[EventCountry "SUI"]

1. e4 e5 2. Nf3 Nc6 3. Bb5 Nf6 4. O-O Nxe4 5. Re1 Nd6 6. Nxe5 Be7 7. Bf1 Nxe5
8. Rxe5 O-O 9. d4 Bf6 10. Re1 Nf5 11. c3 d5 12. Bf4 c6 13. Bd3 Nh4 14. Nd2 Re8
15. Rxe8+ Qxe8 16. Nb3 Bf5 17. Bg3 Bxd3 18. Qxd3 Qe7 19. Bxh4 Bxh4 20. Nd2 Re8
21. Nf3 Bf6 22. Kf1 Qd6 23. Re1 Rxe1+ 24. Kxe1 g6 25. h3 Qf4 26. Kd1 1/2-1/2

[Event "Biel Master Tournament"]
[Site "Biel"]
[Date "2011.07.23"]
[Round "6"]
[White "Lederer, Yoav"]
[Black "Shankland, Samuel"]
[Result "0-1"]
[WhiteElo "2319"]
[BlackElo "2539"]
[PlyCount "106"]
[EventDate "2011.??.??"]
[EventCountry "SUI"]

1. c4 e6 2. g3 d5 3. Bg2 Nf6 4. Nf3 Be7 5. O-O O-O 6. b3 b6 7. Bb2 Bb7 8. e3
dxc4 9. bxc4 c5 10. d3 Nc6 11. Qe2 Qc7 12. Nc3 Rad8 13. Rfd1 Qc8 14. Nb5 Rd7
15. Ne5 Nxe5 16. Bxe5 Bxg2 17. Kxg2 Rfd8 18. a4 Ne8 19. g4 f6 20. Bg3 Qc6+ 21.
f3 Nd6 22. Nc3 Nb7 23. Be1 g6 24. Nb5 a6 25. Nc3 f5 26. h3 Bf6 27. Rab1 Nd6 28.
Rb3 Bxc3 29. Rxc3 Qxa4 30. Rb1 Qc6 31. Ra3 a5 32. Bc3 fxg4 33. hxg4 Rf8 34. Ba1
Rdf7 35. Rf1 h5 36. Qb2 Kh7 37. e4 Ne8 38. Rb3 Qd6 39. Rxb6 Qxd3 40. Rb7 Ng7
41. g5 Rxb7 42. Qxb7 Rg8 43. Rf2 Qe3 44. Bf6 Qf4 45. Rb2 h4 46. e5 Qg3+ 47. Kh1
h3 48. Qe4 Rb8 49. Qc2 Rxb2 50. Qxb2 a4 51. Bxg7 Qg2+ 52. Qxg2 hxg2+ 53. Kxg2
Kxg7 0-1

[Event "Biel Master Tournament"]
[Site "Biel"]
[Date "2011.07.23"]
[Round "6"]
[White "Bozinovic, Bogdan"]
[Black "Miezis, Normunds"]
[Result "0-1"]
[WhiteElo "2199"]
[BlackElo "2520"]
[PlyCount "45"]
[EventDate "2011.??.??"]
[EventCountry "SUI"]

1. d4 Nf6 2. c4 e5 3. dxe5 Ng4 4. Bf4 Nc6 5. Nf3 Bb4+ 6. Nc3 Qe7 7. Rc1 Ngxe5
8. Nxe5 Nxe5 9. a3 Bxc3+ 10. Rxc3 O-O 11. c5 d6 12. Qd4 Rd8 13. cxd6 cxd6 14.
e4 Nc6 15. Qe3 Re8 16. Bd3 d5 17. exd5 Qd8 18. dxc6 Rxe3+ 19. Bxe3 bxc6 20. Be4
Ba6 21. f3 Rb8 22. Rc2 f5 23. Bxf5 0-1

[Event "Biel Master Tournament"]
[Site "Biel"]
[Date "2011.07.23"]
[Round "6"]
[White "Wirig, Anthony"]
[Black "Novita, Anjas"]
[Result "1/2-1/2"]
[WhiteElo "2510"]
[BlackElo "2314"]
[PlyCount "72"]
[EventDate "2011.??.??"]
[EventCountry "SUI"]

1. g3 e5 2. c4 Nc6 3. Bg2 d6 4. Nc3 Be6 5. d3 Qd7 6. Rb1 g6 7. b4 Bg7 8. b5 Nd8
9. Bg5 f6 10. Bd2 Ne7 11. Nd5 O-O 12. e4 c6 13. Nxe7+ Qxe7 14. Ne2 c5 15. O-O
f5 16. exf5 Bxf5 17. Nc3 Qd7 18. Be3 Bh3 19. Ne4 Bxg2 20. Kxg2 Ne6 21. h3 b6
22. Qg4 Rf5 23. Nc3 Raf8 24. Nd5 Qf7 25. f3 Nd4 26. Bxd4 exd4 27. f4 Rxd5 28.
cxd5 Qxd5+ 29. Kg1 Qxa2 30. Rbe1 Qd2 31. Qf3 Kh8 32. Re7 d5 33. Qxd5 Qxd3 34.
Kg2 Qxb5 35. Qb7 d3 36. Rf2 Rg8 1/2-1/2

[Event "Biel Master Tournament"]
[Site "Biel"]
[Date "2011.07.23"]
[Round "6"]
[White "Cheparinov, Ivan"]
[Black "Klauser, Markus"]
[Result "1-0"]
[WhiteElo "2669"]
[BlackElo "2386"]
[PlyCount "123"]
[EventDate "2011.??.??"]
[EventCountry "SUI"]
[BlackTeam "Belp"]

1. e4 e5 2. Nf3 Nc6 3. Bb5 Nf6 4. O-O Nxe4 5. d4 Nd6 6. Bxc6 dxc6 7. dxe5 Nf5
8. Qxd8+ Kxd8 9. Nc3 Ke8 10. h3 Be7 11. g4 Nh4 12. Nxh4 Bxh4 13. Be3 h5 14. f3
Be6 15. Kg2 Be7 16. Rfd1 a5 17. a4 b6 18. Ne2 Rd8 19. Nf4 hxg4 20. hxg4 Rxd1
21. Rxd1 Bc8 22. b3 Rh7 23. c4 Bd7 24. Rd3 Rh8 25. Bf2 Bg5 26. Bg3 Bxf4 27.
Bxf4 Kd8 28. e6 fxe6 29. Be5 Rh7 30. c5 Kc8 31. Bxc7 Kxc7 32. cxb6+ Kxb6 33.
Rxd7 Kc5 34. f4 Kb4 35. Rb7+ Kc3 36. g5 Rh8 37. Kf3 Rf8 38. Ke4 g6 39. Rb6 Rc8
40. Ke5 Rg8 41. Kxe6 Rf8 42. Ke5 Rf5+ 43. Ke4 Rc5 44. Rb7 Rd5 45. Rf7 Rd4+ 46.
Ke5 Rd5+ 47. Kf6 Rd6+ 48. Kg7 Kxb3 49. Rf6 Rd7+ 50. Kxg6 c5 51. Rc6 c4 52. f5
c3 53. f6 c2 54. f7 Rd8 55. Kg7 Kb2 56. f8=Q Rxf8 57. Kxf8 c1=Q 58. Rxc1 Kxc1
59. g6 Kb2 60. g7 Ka3 61. g8=Q Kxa4 62. Qa2+ 1-0

[Event "Biel Master Tournament"]
[Site "Biel"]
[Date "2011.07.23"]
[Round "6"]
[White "Brkic, Ante"]
[Black "Halay, Taufik"]
[Result "1-0"]
[WhiteElo "2598"]
[BlackElo "2341"]
[PlyCount "71"]
[EventDate "2011.??.??"]
[EventCountry "SUI"]

1. e4 c5 2. d3 d5 3. exd5 Qxd5 4. Nc3 Qd8 5. Nf3 Nc6 6. g3 Nf6 7. Bg2 Bg4 8. h3
Bh5 9. g4 Bg6 10. Bf4 e6 11. Ne5 Nxe5 12. Bxe5 Nd7 13. Bg3 Qb6 14. a4 a6 15.
Qf3 Ra7 16. Qe3 Be7 17. O-O Qxb2 18. Nd5 exd5 19. Rfe1 Be4 20. dxe4 d4 21. Qf4
Qxc2 22. e5 Qb3 23. Rab1 Qe6 24. Be4 g6 25. Qf3 b5 26. Bd5 Qb6 27. e6 fxe6 28.
Rxe6 Rf8 29. Qe4 Qd8 30. axb5 Nf6 31. Rxf6 Rxf6 32. Bc6+ Rxc6 33. bxc6 Kf7 34.
Rb7 d3 35. Rxa7 d2 36. Rxe7+ 1-0